Reason and Prediction : (Record no. 585839)

MARC details
000 -LEADER
fixed length control field 00476nam a2200181 a 4500
008 - FIXED-LENGTH DATA ELEMENTS--GENERAL INFORMATION
fixed length control field 250906s2009##################000#0#eng##
020 ## - INTERNATIONAL STANDARD BOOK NUMBER
ISBN 9780521108225
082 04 - DEWEY DECIMAL CLASSIFICATION NUMBER
Classification number 161
Item number BLA
100 1# - MAIN ENTRY--AUTHOR NAME
Personal name Blackburn, Simon,
245 10 - TITLE STATEMENT
Title Reason and Prediction :
260 ## - PUBLICATION, DISTRIBUTION, ETC. (IMPRINT)
Name of publisher Cambridge University Press,
Year of publication 2009.
650 #0 - SUBJECT ADDED ENTRY--TOPICAL TERM
Topical Term Philosophy.
942 ## - ADDED ENTRY ELEMENTS (KOHA)
Koha item type English Books
Holdings
Withdrawn status Lost status Damaged status Not for loan Home library Current library Shelving location Date acquired Full call number Accession Number Price effective from Koha item type
        Anna Centenary Library Anna Centenary Library 3RD FLOOR, A WING 08.09.2025 161 BLA 235151 08.09.2025 English Books

Find us on the map